Medicinal plants, their conservation, use and production in Southern India (Record no. 50953)

MARC details
000 -LEADER
fixed length control field 01012nam a2200241 a 4500
008 - FIXED-LENGTH DATA ELEMENTS--GENERAL INFORMATION
fixed length control field 111114s2008 ||||||||||||||||| || u
020 ## - INTERNATIONAL STANDARD BOOK NUMBER
International Standard Book Number 9788779033597
050 ## - LIBRARY OF CONGRESS CALL NUMBER
Classification number FL(08)DE
100 ## - MAIN ENTRY--PERSONAL NAME
Personal name Singh, R. V
245 10 - TITLE STATEMENT
Title Medicinal plants, their conservation, use and production in Southern India
Statement of responsibility, etc. By R.V. Singh, L.A. Hansen and L. Graudal
246 ## - VARYING FORM OF TITLE
Title proper/short title Facilitating institutional arrangements for Medicinal Plants Conservation Areas (MPCAs)
260 ## - PUBLICATION, DISTRIBUTION, ETC.
Place of publication, distribution, etc. Horsholm
Name of publisher, distributor, etc. Forest and Landcape
Date of publication, distribution, etc. 2008
300 ## - PHYSICAL DESCRIPTION
Extent xiv, 56p.: ill.
350 ## - PRICE (NR) (BK AM CF MU VM SE) [OBSOLETE]
Price 0.00
490 ## - SERIES STATEMENT
Series statement Development and environment
500 ## - GENERAL NOTE
General note Development and environment series, no. 11, 2008
650 ## - SUBJECT ADDED ENTRY--TOPICAL TERM
Topical term or geographic name entry element MEDICINAL PLANTS--INDIA
650 ## - SUBJECT ADDED ENTRY--TOPICAL TERM
Topical term or geographic name entry element MATERIAL MEDICAL, VEGETABLE--INDIA
700 ## - ADDED ENTRY--PERSONAL NAME
Personal name Graudal, L
700 ## - ADDED ENTRY--PERSONAL NAME
Personal name Hansen, L. A
710 ## - ADDED ENTRY--CORPORATE NAME
Corporate name or jurisdiction name as entry element Forest and Landscape Denmark (FLD)
995 ## - RECOMMENDATION 995 [LOCAL, UNIMARC FRANCE]
-- 0.00
-- CBU-MAIN LIBRARY (Kitwe)
-- 1
-- 0.00
-- 1
-- AVAILABLE
-- Nov 17, 2011
-- International Publications
Holdings
Withdrawn status Lost status Source of classification or shelving scheme Damaged status Not for loan Home library Current library Shelving location Date acquired Total Checkouts Full call number Barcode Date last seen Price effective from Koha item type
          CBU-MAIN LIBRARY, KITWE. CBU-MAIN LIBRARY, KITWE.   11/30/2022   FL(08)DE 03008301 11/30/2022 11/30/2022 MONOGRAPH